Länder d'Allemagne - Quiz - Statistiques

Statistiques générales
  • Ce quiz a été pris 31 162 fois
  • Le résultat moyen est 9 sur 16
Réponses sur la Carte
Les réponses sont colorées sur une échelle allant du rouge au vert en fonction du pourcentage des utilisateurs qui les ont devinées à leur premier essai. Vous pouvez retrouver ces pourcentages ci-dessous.
 
Statistiques - réponses
Länder % Correct
Bavière
93%
Berlin
92%
Hambourg
76%
Saxe
71%
Sarre
60%
Brême
59%
Bade-Wurtemberg
56%
Rhénanie-du-Nord-Westphalie
52%
Brandebourg
50%
Basse-Saxe
49%
Mecklenbourg-Poméranie-Occidentale
45%
Rhénanie-Palatinat
44%
Hesse
43%
Thuringe
42%
Schleswig-Holstein
41%
Saxe-Anhalt
39%
Aucun quiz correspondant
Distribution des résultats
% des personnes avec chaque résultat
Percentile par nombre de réponses
Votre historique - résultats
Vous n’avez pas pris ce quiz